000 00704nam a2200241 a 4500
008
020 _a0412318202 (pbk.)
049 _aMAIN
090 _aQA280 CHA
100 1 _aChatfield, Christopher.
245 1 4 _aThe analysis of time series :
_ban introduction /
_cC. Chatfield.
250 _a4th ed.
260 _aLondon :
_bChapman and Hall,
_cc1989.
300 _axii, 241 p. :
_bill. ;
_c24 cm.
504 _aIncludes bibliographical references.
500 _aIncludes indexes.
650 0 _aTime-series analysis.
907 _a.b10006370
_b19-01-07
_c17-04-03
003
005 20230120193549.0
040 _cNUST
942 _cBOOKS
_kQA280 CHA
999 _c101363
_d101363